<?xml version="1.0" encoding="UTF-8"?>
<record
    xmlns:xsi="http://www.w3.org/2001/XMLSchema-instance"
    xsi:schemaLocation="http://www.loc.gov/MARC21/slim http://www.loc.gov/standards/marcxml/schema/MARC21slim.xsd"
    xmlns="http://www.loc.gov/MARC21/slim">

  <leader>01659nam a22001937a 4500</leader>
  <controlfield tag="008">190312b        xxu||||| |||| 00| 0 eng d</controlfield>
  <datafield tag="022" ind1=" " ind2=" ">
    <subfield code="a">0304-405X</subfield>
  </datafield>
  <datafield tag="245" ind1=" " ind2=" ">
    <subfield code="a">Are stock-financed takeovers opportunistic? / by B. Espen Eckbo, Tanakorn Makaew, Karin S. Thorburn</subfield>
    <subfield code="c">B. Espen Eckbo, Tanakorn Makaew, Karin S. Thorburn</subfield>
  </datafield>
  <datafield tag="260" ind1=" " ind2=" ">
    <subfield code="a">Amsterdam</subfield>
    <subfield code="b">Elsevier </subfield>
    <subfield code="c"> June 2018</subfield>
  </datafield>
  <datafield tag="300" ind1=" " ind2=" ">
    <subfield code="a">Pages 443-465</subfield>
  </datafield>
  <datafield tag="440" ind1=" " ind2=" ">
    <subfield code="a">Journal of Financial Economics</subfield>
    <subfield code="v">128 (3)</subfield>
    <subfield code="x">0304-405X</subfield>
  </datafield>
  <datafield tag="520" ind1=" " ind2=" ">
    <subfield code="a">Abstract
The more the target knows about the bidder, the more difficult is paying the target with overpriced bidder shares. Thus, when bidders are opportunistic, the fraction of stock in the deal payment will be lower for better informed targets. We test this intuitive prediction against the alternative that stock payments primarily reflect bidder concerns with target adverse selection, which implies a greater fraction of stock in the deal payment for better informed targets. Discriminating between these two mutually exclusive and nested predictions requires measures of target information about the bidder but not of market mispricing. We find that public bidders systematically use more stock in the payment when the target knows more about the bidder. Tests exploiting exogenous variation in bidder market-to-book ratios also fail to support bidder opportunism. Finally, greater potential competition from private bidders is associated with greater propensity for public bidders to pay in cash.</subfield>
  </datafield>
  <datafield tag="690" ind1=" " ind2=" ">
    <subfield code="a">Takeover bidding</subfield>
  </datafield>
  <datafield tag="690" ind1=" " ind2=" ">
    <subfield code="a">Payment method</subfield>
  </datafield>
  <datafield tag="690" ind1=" " ind2=" ">
    <subfield code="a">Stock payment</subfield>
  </datafield>
  <datafield tag="690" ind1=" " ind2=" ">
    <subfield code="a">Adverse selection</subfield>
  </datafield>
  <datafield tag="690" ind1=" " ind2=" ">
    <subfield code="a">Acquirer mispricing</subfield>
  </datafield>
  <datafield tag="942" ind1=" " ind2=" ">
    <subfield code="2">lcc</subfield>
    <subfield code="c">SE</subfield>
  </datafield>
  <datafield tag="999" ind1=" " ind2=" ">
    <subfield code="c">361343</subfield>
    <subfield code="d">361343</subfield>
  </datafield>
  <datafield tag="952" ind1=" " ind2=" ">
    <subfield code="0">0</subfield>
    <subfield code="1">0</subfield>
    <subfield code="2">lcc</subfield>
    <subfield code="4">0</subfield>
    <subfield code="a">CL</subfield>
    <subfield code="b">CL</subfield>
    <subfield code="c">PER</subfield>
    <subfield code="d">2019-03-12</subfield>
    <subfield code="l">0</subfield>
    <subfield code="r">2019-03-12 00:00:00</subfield>
    <subfield code="w">2019-03-12</subfield>
    <subfield code="y">SE</subfield>
  </datafield>
</record>
